Statistics for Tanks of WW2 - Place of origin

Click here to take the quiz!

General Stats

  • This quiz has been taken 2,380 times
  • The average score is 8 of 9

Answer Stats

TanksPlace of origin% Correct
Tiger INazi Germany
100%
M4 ShermanUSA
98%
Cruiser Mk IUnited Kingdom
93%
KV-1Soviet Union
92%
Char B1France
90%
Type 97 Chi-HaEmpire of Japan
89%
Fiat M13/40Kingdom of Italy
83%
7TPPoland
57%
Panzer 35(t)Czechoslovakia
50%

Score Distribution

Percentile by Number Answered

Percent of People with Each Score

Your Score History

You have not taken this quiz